000 00536nam a2200193 a 4500
001 1769511817029
003 YourLibrary
005 20260127164609.0
008 260127s2003##################000#0#eng##
020 _a9783631513897
082 0 4 _a331.10951
_bZIE
100 1 _aZiemek, Susanne,
_eauthor.
245 1 0 _aThe Economics of Volunteer Labor Supply :
260 _bPeter Lang Pub Incorporated,
_c2003.
300 _a229 pages
650 0 _aBusiness & Economics.
942 _cENGLISH
040 _aYourLibrary
_beng
_cYourLibrary
999 _c609248
_d609248